000 00664nam a2200265Ia 4500
003 OSt
005 20221007110938.0
006 a|||||r|||| 00| 0
007 ta
008 221006b |||||||| |||| 00| 0 eng d
020 _a9788175347557
024 _a22,231
037 _cTextual
040 _aLCO
_cLCO
_beng
041 _2eng
_aeng
082 _aY:1:(Z), P1
100 _aLaster Kathy
_9708076
245 0 _aLaw as Culture
250 _a2nd
260 _aDelhi
_bUniversal Law Publishing Co. Pvt. Ltd. India
_c2001
300 _a410
650 _aCULTURE
942 _hY:1:(Z), P1
_cTEXL
999 _c1191794
_d1191794